| 000 | 00475nam a2200145Ia 4500 | ||
|---|---|---|---|
| 008 | 220214s9999 xx 000 0 und d | ||
| 022 | _a0031-7454 | ||
| 245 | 0 | _aPHILIPPINE AGRICULTURIST | |
| 260 |
_bCollege of Agriculture and Central Experiment Station, University of Philippines, Los Banos _aPhilippine |
||
| 310 | _aQ | ||
| 500 | _aEnding Volume & Year: 69, 1986 | ||
| 500 | _aMissing Volume: 61(7-8);63(4) | ||
| 500 | _aStarting Volume & Year: 61, 1977-78 | ||
| 942 | _cBJ | ||
| 999 |
_c9441 _d9441 |
||